1689 1274 1545 1582 1082 1252 1106 1692 1695 1910 1204 1135 1115 1019 1556 1315 1065 1695 1723 1293 1941 1749 1240 1720 1390 1356 1961 1839 1782 1845 1992 1582 1750 1668 1553 1278 1506 1542 1467 1681 1891 1452 1528 1926 1149 1647 1931 1197 1505 1152 1827 1552 1458 1079 1354 1783 1796 1095 1527 1633 1792 1817 1508 1402 1880 1070 1986 1039 1716 1369 1879 1314 1388 1999 1430 1591 1912 1944 1421 1433 1902 1008 1125 1331 1167 1912 1853 1721 1636 1155 1352 1287 1153 1684 1578 1876 1620 1366 1933 BCNSPRNW ULIB Ver.6.0+V

เปลี่ยนเป็นภาษาไทย

Change to English
 แสดงรายละเอียดบรรณานุกรม
  กลับหน้าหลัก

Brief Record : Get Marc (ISO 2709) : E-mail record : QR code < ปิดหน้าต่าง
LEADER : 00000nam 2200000uu 4500
001    13399127942
003     ULIB
008    211115s2021||||th 000 0 tha d
020    ^a9780323636520
060 04 ^aWS270^bR823T
100 1  ^aRoss E. Petty
245 10 ^aTextbook of pediatric rheumatology /^cRoss E. Petty, Ronald M. Laxer, Carol B. Lindsley,Lucy R. Wedderburn, Elizabeth D. Mellins,Robert C Fuhlbrigge
250    ^a8th ed.
260    ^aPhiladelphia :^bElsevier,^c2021
300    ^axii, 748 p. :^bill. ;^c29 cm.
504    ^aIncludes bibliographical references
650  2 ^aArthritis^xin infancy & childhood
650  2 ^aCollagen Diseases^xin infancy & childhood
650  2 ^aRheumatic Diseases^xin infancy & childhood
700 1  ^aPetty, Ross E.
945    ^p5295^l0^i008530
999    ^aประนอม เกษจรัล
รายการนี้ยังไม่มีแท็ก
คุณยังไม่ได้ล็อกอิน คุณสามารถมีกิจกรรมร่วมกับเว็บไซต์ได้ แต่ต้องล็อกอินก่อน ::
  ล็อกอิน

รายการสื่อสารสนเทศ

ลำดับที่ ประเภท เลขเรียก/บาร์โค้ด สถานที่ สถานะ
1. วิทยาศาสตร์การแพทย์ และสุขภาพ
หนังสือสำรอง
สถานะ=หนังสือสำรอง
WS270 R823T ฉ.1 
  Barcode: 008530
ห้องสมุดวิทยาเขตสวรรค์ประชารักษ์
►หนังสือทั่วไป
บนชั้น

BibComment


ยังไม่เคยถูกคอมเมนท์

คอมเมนท์ทรัพยากรรายการนี้
  คอมเมนท์: Textbook of pedi..


 Copyright 2026. Bcnsprnw @Library